Les affinités électives / (Record no. 154347)

MARC details
000 -LEADER
campo de control de longitud fija 00787nam a22002055i 4500
001 - NÚMERO DE CONTROL
campo de control 154347
003 - IDENTIFICADOR DE NÚMERO DE CONTROL
campo de control ES-MaACL
005 - FECHA Y HORA DE LA ÚLTIMA TRANSACCIÓN
campo de control 20250716002947.0
008 - DATOS DE LONGITUD FIJA--INFORMACIÓN GENERAL
campo de control de longitud fija 040706s1872 fr |||| | fre d
040 ## - FUENTE DE CATALOGACIÓN
Centro catalogador/agencia de origen CAM
Lengua de catalogación spa
Centro/agencia transcriptor CAM
100 1# - ENTRADA PRINCIPAL--NOMBRE DE PERSONA
Nombre de persona Goethe, Johann Wolfgang von,
Fechas asociadas al nombre 1749-1832
Término indicativo de función/relación Autor
9 (RLIN) 57568
245 14 - MENCIÓN DEL TÍTULO
Título Les affinités électives /
Mención de responsabilidad, etc. de Goethe ; traduction nouvelle par Camille Selden.
260 ## - PUBLICACIÓN, DISTRIBUCIÓN, ETC.
Lugar de publicación, distribución, etc. Paris :
Nombre del editor, distribuidor, etc. Charpentier et C.,
Fecha de publicación, distribución, etc. 1872
Lugar de fabricación/manufactura (Corbeil :
Fabricante Typ. et stér. de Crété fils)
300 ## - DESCRIPCIÓN FÍSICA
Extensión IV, 344, [4] páginas ;
Dimensiones 18 cm.
700 1# - ENTRADA AGREGADA--NOMBRE PERSONAL
Nombre de persona Sélden, Camille,
Fechas asociadas al nombre 1830-1896
Término indicativo de función/relación Traductor
9 (RLIN) 133094
852 ## - LOCALIZACIÓN
Ubicación ES-MaACL
Ubicación en estantería Sala Pecera Planta 3
Donativo/Legado Donativo de Manuel de la Revilla
Número de control de estantería G-9240
Encuadernación Holandesa
852 ## - LOCALIZACIÓN
Ubicación ES-MaACL
Ubicación en estantería Sala Valle Inclán
Número de control de estantería D-4902
Encuadernación Holandesa
942 ## - ELEMENTOS DE ENTRADA SECUNDARIOS (KOHA)
Fuente del sistema de clasificación o colocación Clasificación decimal universal
Tipo de ítem Koha Libro impreso antiguo
Suprimir en OPAC No
Holdings
Estatus retirado Estado de pérdida Fuente del sistema de clasificación o colocación Estado de daño No para préstamo Colección Biblioteca de origen Biblioteca actual Ubicación en estantería Fecha de adquisición Total de préstamos Signatura topográfica completa Código de barras Visto por última vez Tipo de ítem Koha Fuente de adquisición
    Clasificación decimal universal     Libros del s. XIX Biblioteca del Ateneo de Madrid Biblioteca del Ateneo de Madrid Sala Valle Inclán 17/01/2008   D-4902 901161407 23/02/2023 Libro impreso antiguo  
    Clasificación decimal universal     Libros del s. XIX Biblioteca del Ateneo de Madrid Biblioteca del Ateneo de Madrid Sala Pecera Planta 3 17/01/2008   G-9240 1161406 23/02/2023 Libro impreso antiguo Donación